Отдельные улучшения в рамках ТРМ; Методы менеджмента качества; № 3

Dettagli Bibliografici
Parent link:Методы менеджмента качества: научно-технический журнал/ Всероссийская организация качества (ВОК).— , 1999-.— 0130-6898
№ 3.— 2004.— С. 8-12
Autore principale: Богданова М. В.
Lingua:russo
Pubblicazione: 2004
Serie:5S, TPM, LEAN...
Soggetti:
Natura: MixedMaterials Capitolo di libro
KOHA link:https://koha.lib.tpu.ru/cgi-bin/koha/opac-detail.pl?biblionumber=391268

MARC

LEADER 00000naa2a2200000 4500
001 391268
005 20231101064050.0
035 |a (RuTPU)RU\TPU\prd\25420 
090 |a 391268 
100 |a 20040419a2004 k y0rusy50 ca 
101 0 |a rus 
102 |a RU 
200 1 |a Отдельные улучшения в рамках ТРМ  |f М. В. Богданова 
225 1 |a 5S, TPM, LEAN... 
461 1 |0 (RuTPU)RU\TPU\prd\1635  |x 0130-6898  |t Методы менеджмента качества  |o научно-технический журнал  |f Всероссийская организация качества (ВОК)  |d 1999- 
463 1 |0 (RuTPU)RU\TPU\prd\24811  |t № 3  |v С. 8-12  |d 2004 
610 1 |a система ТРМ 
610 1 |a тематические группы 
610 1 |a отдельные улучшения 
610 1 |a кондитерская фабрика 
610 1 |a ОАО "Большевик" 
610 1 |a развертывание 
700 1 |a Богданова  |b М. В. 
801 1 |a RU  |b 63413507  |c 20040419  |g PSBO 
801 2 |a RU  |b 63413507  |c 20130520  |g RCR 
942 |c BK